Everyday psychiatry, (Record no. 90772)

MARC details
000 -LEADER
fixed length control field 00545cam a22002051 4500
001 - CONTROL NUMBER
control field sg 46000159
003 - CONTROL NUMBER IDENTIFIER
control field DLC
005 - DATE AND TIME OF LATEST TRANSACTION
control field 20260227112749.0
008 - FIXED-LENGTH DATA ELEMENTS--GENERAL INFORMATION
fixed length control field 820608s1945 pau 000 0 eng
010 ## - LIBRARY OF CONGRESS CONTROL NUMBER
LC control number sg 46000159
035 ## - SYSTEM CONTROL NUMBER
System control number (OCoLC)29154273
040 ## - CATALOGING SOURCE
Original cataloging agency DLC
Transcribing agency MnU-B
Modifying agency OCoLC
-- DLC
042 ## - AUTHENTICATION CODE
Authentication code premarc
050 00 - LIBRARY OF CONGRESS CALL NUMBER
Classification number RC601
Item number .C2
100 1# - MAIN ENTRY--PERSONAL NAME
Personal name Campbell, John Duval,
Dates associated with a name 1904-
245 10 - TITLE STATEMENT
Title Everyday psychiatry,
260 ## - PUBLICATION, DISTRIBUTION, ETC.
Place of publication, distribution, etc. Philadelphia, [etc.]
Name of publisher, distributor, etc. J.B. Lippincott company
Date of publication, distribution, etc. [1945]
300 ## - PHYSICAL DESCRIPTION
Extent xiv, 333 p.
Dimensions 24 cm.
650 #0 - SUBJECT ADDED ENTRY--TOPICAL TERM
Topical term or geographic name entry element Psychiatry.

No items available.

Powered by Koha